Ecológica: preguntas y respuestas sobre nuestro ambiente

Guardat en:
Dades bibliogràfiques
Autor principal: Bingel, Eva
Altres autors: Sjöberg, Claes, Thunberg, Bo, Von Zeipel, Marie
Format: Llibre
Idioma:espanyol
Publicat: Santiago, Chile. LOM. 1999
Matèries:
Etiquetes: Afegir etiqueta
Sense etiquetes, Sigues el primer a etiquetar aquest registre!

MARC

LEADER 00000nam a2200000 a 4500
001 UCI8757
003 CL-VaPUC
005 20210326001648.0
008 080925e19990000CL |||||||||||||||||spa|d
999 |c 331551  |d 331549 
020 |a 9562821846 
040 |c Pontificia Universidad Católica de Valparaíso 
082 0 4 |a 577 BIN 1999  |2 21 
100 0 |a Bingel, Eva  |9 532362 
245 1 0 |a Ecológica: preguntas y respuestas sobre nuestro ambiente 
260 0 3 |a Santiago, Chile.  |b LOM.  |c 1999 
300 |a 119 páginas 
583 |a last modification  |c 20080925 00:00:00  |k Rodrigo Vera 
650 0 |a Ecología   |9 258124 
650 7 |a ECOLOGIA AMBIENTAL  |2 CL-VaPUC  |9 373351 
650 0 |a Medio ambiente  |9 257625 
700 0 |a Sjöberg, Claes  |9 532363 
700 0 |a Thunberg, Bo  |9 532364 
700 0 |a Von Zeipel, Marie  |9 532365 
942 |c BK  |2 ddc 
945 |d 20080925 00:00:00  |a jtorresc 
952 |0 0  |1 0  |2 ddc  |4 0  |6 577_000000000000000_BIN_1999  |7 0  |8 A  |9 418297  |a BIBING  |b BIBING  |d 2019-11-22  |i 4483235  |o 577 BIN 1999  |p 4483235  |r 2025-01-20  |t 1  |w 2019-11-22  |y BK  |k CIC